Bird species at the CIPM, Tinigua National Park: a partial list (Registro nro. 12433)

Detalles MARC
000 -CABECERA
Campo de control 006050000a22001810004500
090 ## - CLASIFICACIÓN LOCAL
Colección AR
Consecutivo 03382
041 0# - IDIOMA
Código de idioma para texto/pista de sonido o título separado
100 1# - ASIENTO PRINCIPAL--NOMBRE PERSONAL
Nombre personal Alvarez R., Mauricio
245 10 - MENCION DE TITULO
Título Bird species at the CIPM, Tinigua National Park: a partial list
500 ## - NOTA GENERAL
Nota general <Colección Aves>
650 14 - ASIENTO SECUNDARIO DE MATERIA - TERMINO TEMATICO
Término temático o nombre geográfico como elemento de entrada Ornitología
650 14 - ASIENTO SECUNDARIO DE MATERIA - TERMINO TEMATICO
Término temático o nombre geográfico como elemento de entrada Aves migratorias
650 14 - ASIENTO SECUNDARIO DE MATERIA - TERMINO TEMATICO
Término temático o nombre geográfico como elemento de entrada Nuevos registros
650 14 - ASIENTO SECUNDARIO DE MATERIA - TERMINO TEMATICO
Término temático o nombre geográfico como elemento de entrada Listas de aves
651 #4 - ASIENTO SECUNDARIO DE MATERIA - NOMBRE GEOGRAFICO
-- Parque Nacional Natural Tinigua
-- Meta
-- Colombia
773 1# - Item fuente:
Título Field studies of new world monkeys La Macarena Colombia
Especificación de materiales 844
Paginas del Articulo 33-40
Lugar, editorial y fecha de publicación 1993
Información sobre la relación 8
942 ## - ELEMENTOS ADICIONALES (KOHA)
Tipo de ítem Artículo
Existencias
Withdrawn status Lost status Damaged status No para préstamo Colección Ubicación Permanente Ubicación actual Fecha de adquisición Fuente de Valor Datos de publicación Seriada Total Checkouts Número topográfico Inventario / Código de Barras Date last seen Ejemplar Price effective from Forma de adquisición Tipo de material
      No para Préstamo Hemeroteca Bogotá Bogotá 27/02/2015 Varón, Andrés Fuera de circulación   AR 03382 013689 25/03/2015 1 25/03/2015   Artículo